000 00448nam a2200133Ia 4500
008 220217s9999 xx 000 0 und d
245 0 _aMethods of Test for Vulcanized Rubbers. Part XI. Determination of rebound resilience
260 _aNew Delhi
260 _c1969
_bISI
490 _aMethods of Testing Vulc Rubbers Subcom,CDC 6:9
500 _aStandard number: IS 3400 (Part XI)
650 _aRubber vulcanized, rebound resilience
942 _cST
999 _c73657
_d73657